Sports Quiz

Random Sports or NFL Quiz

NFL: Typing Challenge Quiz Stats

 Plays Quiz not verified by Sporcle

Challenge
Share
Tweet
Embed
Score 0/34 Timer 02:00
0 Plays Today
Player Player % Correct
????
100%
????
98.2%
????
97.2%
????
95.9%
????
95.6%
????
94.9%
????
92.7%
????
92%
????
91.9%
????
91.5%
????
91.1%
????
89.9%
????
88.8%
????
87.6%
????
86.6%
????
85.7%
????
84.4%
Player Player % Correct
????
84%
????
82.1%
????
81%
????
80.1%
????
79.1%
????
77.9%
????
76.1%
????
74.9%
????
74.2%
????
72.7%
????
68.4%
????
65.3%
????
62.1%
????
56.9%
????
51.5%
????
46%
????
38.2%

You're not logged in!

Compare scores with friends on all Sporcle quizzes.
Join for Free
OR
Log In

You Might Also Like...

Show Comments

Extras

Top Quizzes Today


Score Distribution

Your Account Isn't Verified!

In order to create a playlist on Sporcle, you need to verify the email address you used during registration. Go to your Sporcle Settings to finish the process.

Report this User

Report this user for behavior that violates our Community Guidelines.

Details: